Hades Regional NPC Allies - Statistics

General Stats
  • This quiz has been taken 15 times
    14 since last reset
  • The average score is 13 of 18
Answer Stats
Hint Answer % Correct
Elysium Patroclus
100%
Tartarus Sisyphus
100%
Asphodel Eurydice
90%
Rift of Thessaly Circe
80%
Rift of Thessaly Icarus
80%
City of Ephyra Medea
80%
Various Thanatos
80%
Erebus Arachne
70%
Mount Olympus Athena
70%
Mount Olympus Dionysus
70%
Various Heracles
70%
Oceanus Narcissus
70%
Various Nemesis
70%
Various Artemis
60%
Tartarus Bouldy
60%
Fields of Mourning Echo
60%
Tartarus Hades
60%
Tartarus Persephone
60%
No matching quizzes found
Score Distribution
Percent of People with Each Score
Percentile by Number Answered
Your Score History
You have not taken this quiz since the last reset